<?xml version="1.0" encoding="UTF-8"?>
<marc:record xmlns:marc="http://www.loc.gov/MARC21/slim">
   <marc:leader>00000nam a2200000 a 4500</marc:leader>
   <marc:datafield ind1="1" ind2=" " tag="100">
      <marc:subfield code="a">Elderen, Stan van</marc:subfield>
      <marc:subfield code="4">aut</marc:subfield>
      <marc:subfield code="e">Verfasser/-in</marc:subfield>
   </marc:datafield>
   <marc:datafield ind1=" " ind2=" " tag="653">
      <marc:subfield code="a">Freundschaft / Jugendbuch</marc:subfield>
   </marc:datafield>
   <marc:datafield ind1=" " ind2=" " tag="653">
      <marc:subfield code="a">Jugendbuch</marc:subfield>
   </marc:datafield>
   <marc:datafield ind1="0" ind2="0" tag="245">
      <marc:subfield code="a">Warum Charlie Wallace?</marc:subfield>
   </marc:datafield>
   <marc:datafield ind1="0" ind2="0" tag="245">
      <marc:subfield code="c">Stan van Elderen. Aus dem Niederländ. von Bettina Bach</marc:subfield>
   </marc:datafield>
   <marc:datafield ind1=" " ind2="1" tag="264">
      <marc:subfield code="a">München</marc:subfield>
      <marc:subfield code="b">Hanser</marc:subfield>
      <marc:subfield code="c">2009</marc:subfield>
   </marc:datafield>
   <marc:datafield ind1="1" ind2=" " tag="520">
      <marc:subfield code="a">Natürlich kennt Jonathan die Stärken und Schwächen seiner Lehrer. Mr. Wainwright hat immer Recht, ihm zu widersprechen würde sich nur negativ auf die Abschlussnote auswirken.  Den neuen Schüler Charlie scheint das nichts auszumachen, er zeigt Zivilcourage und diskutiert mit dem selbstherrlichen Lehrer auch zugunsten seiner Mitschüler.  Langsam entwickelt sich eine freundschaftliche Beziehung zwischen den beiden Jungen und sowohl Charlie als auch die Leser erfahren Bruchstücke aus Jonathans Vergangenheit. Während Charlie sehr viel Liebe und Wärme seitens seiner Familie empfängt, lebt Jonathan mit seinen Eltern wie in einem Eispalast. Nicht die Eltern helfen dem Jungen die Ereignisse der Vergangenheit zu bewältigen, eine erfahrene Psychologin wird eingeschaltet.  Wenn auch die Geschichte sehr traurig mit Charlies Unfalltod endet, so hat die kurze Zeit der Freundschaft Jonathan weitergeholfen.  Der Autor, der sehr glaubwürdige Protagonisten schildert, wurde in den Niederlanden für dieses Buch bereits mehrfach ausgezeichnet.  Ab 14 Jahren  *LHW.Lesen.Hören.Wissen* Ruth Schmidhammer</marc:subfield>
   </marc:datafield>
   <marc:datafield ind1=" " ind2=" " tag="020">
      <marc:subfield code="a">9783423624930</marc:subfield>
      <marc:subfield code="9">9783423624930</marc:subfield>
   </marc:datafield>
   <marc:datafield ind1=" " ind2=" " tag="041">
      <marc:subfield code="a">ger</marc:subfield>
   </marc:datafield>
   <marc:datafield ind1=" " ind2=" " tag="300">
      <marc:subfield code="a">206 S.</marc:subfield>
   </marc:datafield>
</marc:record>
